000 00602nam a2200205 i 4500
001 84756
003 ES-MaACL
005 20230906175109.0
007 t|
008 041123s1939 ag ||||1| spa d
100 1 _aJenofonte.
_966312
245 1 3 _aLa expedición de los diez mil
_b: (Anábasis) /
_cJenofonte.
250 _a[1ª ed.].
260 _a[Buenos Aires] :
_bEspasa-Calpe,
_c[1939] (
_fCompañía Fabril Financiera)
300 _a224 p. ;
_c18 cm.
490 1 _aColección austral
830 0 _aColección austral
_9177655
852 _aES-MaACL
_jC-4438
_bR.24120
999 _c84756
_d84756